Fortalecer el desarrollo. Interacciones entre macro y microeconomía /

محفوظ في:
التفاصيل البيبلوغرافية
مؤلفون مشاركون: Comisión Económica para America Latina y El Caribe, CEPAL
التنسيق: نص
منشور في: Santiago: CEPAL
الوسوم: إضافة وسم
لا توجد وسوم, كن أول من يضع وسما على هذه التسجيلة!

MARC

LEADER 00000 a a2200000 04500
001 22203
003
040
090 |a 150600  
110 |a Comisión Económica para America Latina y El Caribe  
245 |a Fortalecer el desarrollo. Interacciones entre macro y microeconomía /  |c Comisión Económica para America Latina y El Caribe  
260 |a Santiago:   |b CEPAL  
300 |a 116 p   |b il.  
710 |a CEPAL  
999 |c 12804  |d 12804